Introduction to Computer Usage: Laboratory Guide

Dades bibliogràfiques
Autor corporatiu: Tomsk Polytechnic University (TPU)
Altres autors: Dubina G. D. (составитель)
Idioma:anglès
Publicat: Tomsk, TPU Press, 1999
Matèries:
Format: Llibre
KOHA link:https://koha.lib.tpu.ru/cgi-bin/koha/opac-detail.pl?biblionumber=14236

MARC

LEADER 00000nam0a2200000 4500
001 14236
005 20231030185509.0
035 |a (RuTPU)RU\TPU\book\14327 
035 |a BOOK00014395 
090 |a 14236 
100 |a 20011209d1999 m y0rusy50 ca 
101 0 |a eng 
102 |a RU 
105 |a y j 000zy 
200 1 |a Introduction to Computer Usage  |e Laboratory Guide  |f Tomsk Polytechnic University (TPU) ; compiler G. D. Dubina 
210 |a Tomsk  |c TPU Press  |d 1999 
215 |a 56 p. 
610 1 |a английский язык 
610 1 |a учебные пособия 
610 1 |a хрестоматии 
610 1 |a книги для чтения 
610 1 |a вычислительная техника 
675 |a 681.3(07)  |v 3 
686 |a Ш143.21-923.8  |v LBC/SL-A  |2 rubbk 
702 1 |a Dubina  |b G. D.  |4 220 
712 0 2 |a Tomsk Polytechnic University (TPU)  |2 stltpush  |3 (RuTPU)RU\TPU\col\452 
801 0 |a RU  |b 63413507  |c 20011209  |g PSBO 
801 2 |a RU  |b 63413507  |c 20160303  |g PSBO 
942 |c BK